<?xml version="1.0" encoding="UTF-8"?>
<record
    xmlns:xsi="http://www.w3.org/2001/XMLSchema-instance"
    xsi:schemaLocation="http://www.loc.gov/MARC21/slim http://www.loc.gov/standards/marcxml/schema/MARC21slim.xsd"
    xmlns="http://www.loc.gov/MARC21/slim">

  <leader>01098nam a22002537a 4500</leader>
  <controlfield tag="005">20170124103155.0</controlfield>
  <datafield tag="010" ind1=" " ind2=" ">
    <subfield code="a">A-440255</subfield>
  </datafield>
  <datafield tag="020" ind1=" " ind2=" ">
    <subfield code="c">50.00</subfield>
  </datafield>
  <datafield tag="035" ind1=" " ind2=" ">
    <subfield code="a">A-440255</subfield>
  </datafield>
  <datafield tag="037" ind1=" " ind2=" ">
    <subfield code="b">Cen Lib/Ret</subfield>
  </datafield>
  <datafield tag="040" ind1=" " ind2=" ">
    <subfield code="a">DPL</subfield>
    <subfield code="b">HN</subfield>
  </datafield>
  <datafield tag="082" ind1=" " ind2=" ">
    <subfield code="a">826</subfield>
    <subfield code="b">&#x92A;&#x93E;&#x920;&#x915; </subfield>
  </datafield>
  <datafield tag="100" ind1=" " ind2=" ">
    <subfield code="a">&#x92A;&#x93E;&#x920;&#x915;, &#x92A;&#x926;&#x94D;&#x92E;&#x927;&#x930; </subfield>
    <subfield code="9">89251</subfield>
  </datafield>
  <datafield tag="245" ind1=" " ind2=" ">
    <subfield code="a">&#x926;&#x94D;&#x930;&#x93F;&#x935;&#x947;&#x926;&#x940; &#x91C;&#x940; &#x915;&#x947; &#x92A;&#x93E;&#x924;&#x94D;&#x930; &#x92A;&#x93E;&#x920;&#x915; &#x91C;&#x940; &#x915;&#x947; &#x928;&#x93E;&#x92E;  /</subfield>
    <subfield code="c">&#x92A;&#x926;&#x94D;&#x92E;&#x927;&#x930; &#x92A;&#x93E;&#x920;&#x915;</subfield>
  </datafield>
  <datafield tag="246" ind1=" " ind2=" ">
    <subfield code="a">Drivedi ji ke patr paathak ji ke naam </subfield>
    <subfield code="b">by Padamdhar Pathak </subfield>
  </datafield>
  <datafield tag="260" ind1=" " ind2=" ">
    <subfield code="a">&#x91C;&#x94B;&#x927;&#x92A;&#x941;&#x930; </subfield>
    <subfield code="b">&#x917;&#x93F;&#x930;&#x93F;&#x927;&#x930; &#x92A;&#x94D;&#x930;&#x915;&#x93E;&#x936;&#x928; </subfield>
    <subfield code="c">1982</subfield>
  </datafield>
  <datafield tag="270" ind1=" " ind2=" ">
    <subfield code="a">&#x930;&#x93E;&#x935; &#x91C;&#x940; &#x915;&#x940; &#x939;&#x935;&#x947;&#x932;&#x940; &#x915;&#x947; &#x92A;&#x93E;&#x938; &#x92C;&#x93E;&#x917;&#x930; &#x91A;&#x94C;&#x915; </subfield>
    <subfield code="b">&#x91C;&#x94B;&#x927;&#x92A;&#x941;&#x930; </subfield>
  </datafield>
  <datafield tag="300" ind1=" " ind2=" ">
    <subfield code="a">214&#x92A;&#x943;&#x937;&#x94D;&#x920;. :</subfield>
    <subfield code="c">21&#x938;&#x947;&#x92E;&#x940;(&#x938;&#x91C;&#x93F;&#x932;&#x94D;&#x926;)</subfield>
    <subfield code="b">&#x91A;&#x93F;&#x924;&#x94D;&#x930;.</subfield>
  </datafield>
  <datafield tag="650" ind1=" " ind2=" ">
    <subfield code="a">&#x939;&#x93F;&#x902;&#x926;&#x940; &#x938;&#x93E;&#x939;&#x93F;&#x924;&#x94D;&#x92F; </subfield>
    <subfield code="9">89252</subfield>
  </datafield>
  <datafield tag="650" ind1=" " ind2=" ">
    <subfield code="a">&#x926;&#x94D;&#x930;&#x93F;&#x935;&#x947;&#x926;&#x940; &#x92A;&#x924;&#x94D;&#x930;&#x93E;&#x935;&#x932;&#x940; </subfield>
    <subfield code="9">1199</subfield>
  </datafield>
  <datafield tag="650" ind1=" " ind2=" ">
    <subfield code="a">Hindi literature</subfield>
    <subfield code="9">89253</subfield>
  </datafield>
  <datafield tag="650" ind1=" " ind2=" ">
    <subfield code="a">Draivedi Ptravli</subfield>
    <subfield code="9">75018</subfield>
  </datafield>
  <datafield tag="942" ind1=" " ind2=" ">
    <subfield code="2">ddc</subfield>
    <subfield code="c">HN</subfield>
    <subfield code="h">826</subfield>
    <subfield code="m">&#x92A;&#x93E;&#x920;&#x915; </subfield>
  </datafield>
  <datafield tag="999" ind1=" " ind2=" ">
    <subfield code="c">120227</subfield>
    <subfield code="d">120227</subfield>
  </datafield>
  <datafield tag="952" ind1=" " ind2=" ">
    <subfield code="0">0</subfield>
    <subfield code="1">0</subfield>
    <subfield code="4">0</subfield>
    <subfield code="7">0</subfield>
    <subfield code="a">L</subfield>
    <subfield code="b">L</subfield>
    <subfield code="d">2015-09-21</subfield>
    <subfield code="e">Cen Lib/Ret</subfield>
    <subfield code="g">50.00</subfield>
    <subfield code="l">0</subfield>
    <subfield code="o">826 &#x92A;&#x93E;&#x920;&#x915;</subfield>
    <subfield code="p">A-440255</subfield>
    <subfield code="r">2015-09-21 00:00:00</subfield>
    <subfield code="t">1</subfield>
    <subfield code="v">50.00</subfield>
    <subfield code="w">2015-09-21</subfield>
    <subfield code="y">HN</subfield>
  </datafield>
</record>
